COMPREHENSIVE GUIDE IN DRILLING AND BLASTING IN MINING ENGINEERING (Record no. 9089)

MARC details
000 -LEADER
fixed length control field 00468nam a22001697a 4500
005 - DATE AND TIME OF LATEST TRANSACTION
control field 20260311170210.0
008 - FIXED-LENGTH DATA ELEMENTS--GENERAL INFORMATION
fixed length control field 260311b |||||||| |||| 00| 0 eng d
020 ## - INTERNATIONAL STANDARD BOOK NUMBER
ISBN 978-81-958328-3-5
041 ## - LANGUAGE CODE
Language code of text/sound track or separate title eng
082 ## - DEWEY DECIMAL CLASSIFICATION NUMBER
Classification number 622.34 SAH-C
100 ## - MAIN ENTRY--AUTHOR NAME
Personal name SAHU,RUPESH KUMAR
245 ## - TITLE STATEMENT
Title COMPREHENSIVE GUIDE IN DRILLING AND BLASTING IN MINING ENGINEERING
260 ## - PUBLICATION, DISTRIBUTION, ETC. (IMPRINT)
Place of publication DHANBAD
Name of publisher LOVELY PRAKASHAN
300 ## - PHYSICAL DESCRIPTION
Number of Pages 132;P
650 ## - SUBJECT ADDED ENTRY--TOPICAL TERM
Topical Term MINNIG ENGINEERING
942 ## - ADDED ENTRY ELEMENTS (KOHA)
Koha item type Books
Holdings
Lost status Damaged status Collection code Home library Current library Shelving location Date acquired Source of acquisition Cost, normal purchase price Serial Enumeration / chronology Full call number Accession Number Koha item type
    MINING JRU Library JRU Library NEW ARRIVAL SHELF 09/03/2026 PURCHASE 250.00 LBI/000884, DATE-06/03/2026 622.34 SAH-C 29382 Books
    MINING JRU Library JRU Library NEW ARRIVAL SHELF 09/03/2026 PURCHASE 250.00 LBI/000884, DATE-06/03/2026 622.34 SAH-C 29383 Books